|
|
|
|
| LEADER |
00000cam a2200000 7i4500 |
| 001 |
0000179564 |
| 005 |
20131018.0 |
| 020 |
|
|
|a 9679788792
|
| 020 |
|
|
|a 9789679788792
|
| 090 |
0 |
0 |
|a 959.5054
|b SOM
|
| 100 |
1 |
|
|a Somun, Hajrudin
|
| 245 |
1 |
0 |
|a Mahathir :
|b the secret of the Malaysian success
|c Hajrudin Somun
|
| 260 |
|
|
|a Subang Jaya :
|b Pelanduk Publications (M) Sdn Bhd ,
|c 2003
|
| 300 |
|
|
|a 275p. ;
|c 22cm.
|
| 600 |
0 |
0 |
|a Mahathir bin Mohamad ,
|c Tun Dr. ,
|d 1925-
|
| 651 |
|
0 |
|a Malaysia
|x Economic policy
|
| 651 |
|
0 |
|a Malaysia
|x Foreign relations
|
| 651 |
|
0 |
|a Malaysia
|x Politics and government
|
| 999 |
|
|
|a 00163406
|b BUKU
|c MALAYSIANA
|e PERPUSTAKAAN KOMUNITI PETALING JAYA
|
| 999 |
|
|
|a 00256965
|b BUKU
|c MALAYSIANA
|e PERPUSTAKAAN KOMUNITI PETALING JAYA
|
| 999 |
|
|
|a 00285846
|b BUKU
|c MALAYSIANA
|e PERPUSTAKAAN KOMUNITI PETALING JAYA
|